<?xml version="1.0" encoding="UTF-8"?>
<record
    xmlns:xsi="http://www.w3.org/2001/XMLSchema-instance"
    xsi:schemaLocation="http://www.loc.gov/MARC21/slim http://www.loc.gov/standards/marcxml/schema/MARC21slim.xsd"
    xmlns="http://www.loc.gov/MARC21/slim">

  <leader>01171nam a22003017a 4500</leader>
  <controlfield tag="005">20180316121816.0</controlfield>
  <datafield tag="010" ind1=" " ind2=" ">
    <subfield code="a">1516EN07   ENG-114631</subfield>
  </datafield>
  <datafield tag="020" ind1=" " ind2=" ">
    <subfield code="a">9789332519022</subfield>
    <subfield code="c">829.00</subfield>
  </datafield>
  <datafield tag="020" ind1=" " ind2=" ">
    <subfield code="a">9789332519022</subfield>
    <subfield code="c">1079 (AV)</subfield>
  </datafield>
  <datafield tag="035" ind1=" " ind2=" ">
    <subfield code="a">EN-98163</subfield>
  </datafield>
  <datafield tag="035" ind1=" " ind2=" ">
    <subfield code="a">B-614771-793</subfield>
  </datafield>
  <datafield tag="035" ind1=" " ind2=" ">
    <subfield code="a">B-667979</subfield>
  </datafield>
  <datafield tag="037" ind1=" " ind2=" ">
    <subfield code="a">DPL</subfield>
    <subfield code="b">Techniz/Ven</subfield>
  </datafield>
  <datafield tag="037" ind1=" " ind2=" ">
    <subfield code="b">DBAD/PUB</subfield>
  </datafield>
  <datafield tag="082" ind1=" " ind2=" ">
    <subfield code="a">540</subfield>
  </datafield>
  <datafield tag="100" ind1=" " ind2=" ">
    <subfield code="a">Mcmurry, John E.</subfield>
  </datafield>
  <datafield tag="245" ind1=" " ind2=" ">
    <subfield code="a">Chemistry /</subfield>
    <subfield code="c">by John E. McMurry [and] Robert C.Fay</subfield>
  </datafield>
  <datafield tag="250" ind1=" " ind2=" ">
    <subfield code="a">6th ed</subfield>
  </datafield>
  <datafield tag="260" ind1=" " ind2=" ">
    <subfield code="a">New Delhi</subfield>
    <subfield code="b">Pearson Education</subfield>
    <subfield code="c">2015</subfield>
  </datafield>
  <datafield tag="270" ind1=" " ind2=" ">
    <subfield code="a">11 Community Center, Panchsheel Park</subfield>
    <subfield code="b">New Delhi</subfield>
    <subfield code="e">110017</subfield>
  </datafield>
  <datafield tag="300" ind1=" " ind2=" ">
    <subfield code="a">1063p. :                 </subfield>
    <subfield code="c">28cm(pbk)</subfield>
    <subfield code="b">ill</subfield>
  </datafield>
  <datafield tag="500" ind1=" " ind2=" ">
    <subfield code="a">Includes index</subfield>
  </datafield>
  <datafield tag="650" ind1=" " ind2=" ">
    <subfield code="a">Chemistry </subfield>
    <subfield code="v">Textbooks.</subfield>
  </datafield>
  <datafield tag="700" ind1=" " ind2=" ">
    <subfield code="a">Fay,Robert C.</subfield>
  </datafield>
  <datafield tag="942" ind1=" " ind2=" ">
    <subfield code="2">ddc</subfield>
    <subfield code="c">EN</subfield>
    <subfield code="m">MCM</subfield>
    <subfield code="h">540</subfield>
  </datafield>
  <datafield tag="999" ind1=" " ind2=" ">
    <subfield code="c">96039</subfield>
    <subfield code="d">96039</subfield>
  </datafield>
  <datafield tag="952" ind1=" " ind2=" ">
    <subfield code="0">0</subfield>
    <subfield code="1">0</subfield>
    <subfield code="4">0</subfield>
    <subfield code="7">1</subfield>
    <subfield code="8">NFIC</subfield>
    <subfield code="a">DBAD</subfield>
    <subfield code="b">DBAD</subfield>
    <subfield code="d">2015-12-21</subfield>
    <subfield code="e">DBAD/PUB</subfield>
    <subfield code="g">829.00</subfield>
    <subfield code="l">0</subfield>
    <subfield code="o">540 MCM</subfield>
    <subfield code="p">EN-98163</subfield>
    <subfield code="r">2015-12-21 00:00:00</subfield>
    <subfield code="t">1</subfield>
    <subfield code="v">829.00</subfield>
    <subfield code="y">EN</subfield>
  </datafield>
  <datafield tag="952" ind1=" " ind2=" ">
    <subfield code="0">0</subfield>
    <subfield code="1">0</subfield>
    <subfield code="4">0</subfield>
    <subfield code="7">0</subfield>
    <subfield code="8">NFIC</subfield>
    <subfield code="a">L</subfield>
    <subfield code="b">L</subfield>
    <subfield code="d">2016-02-23</subfield>
    <subfield code="e">TZ-15261G/24.09.2015/144/16.06.2015/04.11.2015</subfield>
    <subfield code="g">1075.00</subfield>
    <subfield code="l">11</subfield>
    <subfield code="m">2</subfield>
    <subfield code="o">540 MCM</subfield>
    <subfield code="p">B-614771</subfield>
    <subfield code="r">2023-01-17 00:00:00</subfield>
    <subfield code="s">2023-01-03</subfield>
    <subfield code="t">2</subfield>
    <subfield code="v">1075.00</subfield>
    <subfield code="y">EN</subfield>
  </datafield>
  <datafield tag="952" ind1=" " ind2=" ">
    <subfield code="0">0</subfield>
    <subfield code="1">0</subfield>
    <subfield code="4">0</subfield>
    <subfield code="7">0</subfield>
    <subfield code="8">NFIC</subfield>
    <subfield code="a">L</subfield>
    <subfield code="b">L</subfield>
    <subfield code="d">2016-02-23</subfield>
    <subfield code="e">TZ-15261G/24.09.2015/144/16.06.2015/04.11.2015</subfield>
    <subfield code="g">1075.00</subfield>
    <subfield code="l">6</subfield>
    <subfield code="o">540 MCM</subfield>
    <subfield code="p">B-614772</subfield>
    <subfield code="r">2018-06-05 00:00:00</subfield>
    <subfield code="s">2018-05-20</subfield>
    <subfield code="t">2</subfield>
    <subfield code="v">1075.00</subfield>
    <subfield code="y">EN</subfield>
  </datafield>
  <datafield tag="952" ind1=" " ind2=" ">
    <subfield code="0">0</subfield>
    <subfield code="1">0</subfield>
    <subfield code="4">0</subfield>
    <subfield code="7">1</subfield>
    <subfield code="8">REF</subfield>
    <subfield code="a">L</subfield>
    <subfield code="b">L</subfield>
    <subfield code="d">2016-02-23</subfield>
    <subfield code="e">TZ-15261G/24.09.2015/144/16.06.2015/04.11.2015</subfield>
    <subfield code="g">1075.00</subfield>
    <subfield code="l">0</subfield>
    <subfield code="o">540 MCM</subfield>
    <subfield code="p">B-614773</subfield>
    <subfield code="r">2016-02-23 00:00:00</subfield>
    <subfield code="t">1</subfield>
    <subfield code="v">1075.00</subfield>
    <subfield code="y">EN</subfield>
  </datafield>
  <datafield tag="952" ind1=" " ind2=" ">
    <subfield code="0">0</subfield>
    <subfield code="1">0</subfield>
    <subfield code="4">0</subfield>
    <subfield code="7">0</subfield>
    <subfield code="8">NFIC</subfield>
    <subfield code="a">NPL</subfield>
    <subfield code="b">NPL</subfield>
    <subfield code="d">2016-02-23</subfield>
    <subfield code="e">TZ-15261G/24.09.2015/144/16.06.2015/04.11.2015</subfield>
    <subfield code="g">1075.00</subfield>
    <subfield code="l">0</subfield>
    <subfield code="o">540 MCM</subfield>
    <subfield code="p">B-614774</subfield>
    <subfield code="r">2016-02-23 00:00:00</subfield>
    <subfield code="t">1</subfield>
    <subfield code="v">1075.00</subfield>
    <subfield code="y">EN</subfield>
  </datafield>
  <datafield tag="952" ind1=" " ind2=" ">
    <subfield code="0">0</subfield>
    <subfield code="1">0</subfield>
    <subfield code="4">0</subfield>
    <subfield code="7">0</subfield>
    <subfield code="8">NFIC</subfield>
    <subfield code="a">BL1</subfield>
    <subfield code="b">BL1</subfield>
    <subfield code="d">2016-02-23</subfield>
    <subfield code="e">TZ-15261G/24.09.2015/144/16.06.2015/04.11.2015</subfield>
    <subfield code="g">1075.00</subfield>
    <subfield code="l">4</subfield>
    <subfield code="o">540 MCM</subfield>
    <subfield code="p">B-614775</subfield>
    <subfield code="r">2021-12-30 00:00:00</subfield>
    <subfield code="s">2021-12-16</subfield>
    <subfield code="t">1</subfield>
    <subfield code="v">1075.00</subfield>
    <subfield code="y">EN</subfield>
  </datafield>
  <datafield tag="952" ind1=" " ind2=" ">
    <subfield code="0">0</subfield>
    <subfield code="1">0</subfield>
    <subfield code="4">0</subfield>
    <subfield code="7">0</subfield>
    <subfield code="8">NFIC</subfield>
    <subfield code="a">KGM</subfield>
    <subfield code="b">KGM</subfield>
    <subfield code="d">2016-02-23</subfield>
    <subfield code="e">TZ-15261G/24.09.2015/144/16.06.2015/04.11.2015</subfield>
    <subfield code="g">1075.00</subfield>
    <subfield code="l">1</subfield>
    <subfield code="o">540 MCM</subfield>
    <subfield code="p">B-614776</subfield>
    <subfield code="r">2018-12-01 00:00:00</subfield>
    <subfield code="s">2018-11-17</subfield>
    <subfield code="t">1</subfield>
    <subfield code="v">1075.00</subfield>
    <subfield code="y">EN</subfield>
  </datafield>
  <datafield tag="952" ind1=" " ind2=" ">
    <subfield code="0">0</subfield>
    <subfield code="1">0</subfield>
    <subfield code="4">0</subfield>
    <subfield code="7">0</subfield>
    <subfield code="8">NFIC</subfield>
    <subfield code="a">PR</subfield>
    <subfield code="b">PR</subfield>
    <subfield code="d">2016-02-23</subfield>
    <subfield code="e">TZ-15261G/24.09.2015/144/16.06.2015/04.11.2015</subfield>
    <subfield code="g">1075.00</subfield>
    <subfield code="l">2</subfield>
    <subfield code="o">540 MCM</subfield>
    <subfield code="p">B-614777</subfield>
    <subfield code="r">2022-03-26 00:00:00</subfield>
    <subfield code="s">2022-03-11</subfield>
    <subfield code="t">1</subfield>
    <subfield code="v">1075.00</subfield>
    <subfield code="y">EN</subfield>
  </datafield>
  <datafield tag="952" ind1=" " ind2=" ">
    <subfield code="0">0</subfield>
    <subfield code="1">0</subfield>
    <subfield code="4">0</subfield>
    <subfield code="7">0</subfield>
    <subfield code="8">NFIC</subfield>
    <subfield code="a">TN</subfield>
    <subfield code="b">TN</subfield>
    <subfield code="d">2016-02-23</subfield>
    <subfield code="e">TZ-15261G/24.09.2015/144/16.06.2015/04.11.2015</subfield>
    <subfield code="g">1075.00</subfield>
    <subfield code="l">1</subfield>
    <subfield code="o">540 MCM</subfield>
    <subfield code="p">B-614778</subfield>
    <subfield code="r">2019-05-30 00:00:00</subfield>
    <subfield code="s">2019-05-11</subfield>
    <subfield code="t">1</subfield>
    <subfield code="v">1075.00</subfield>
    <subfield code="y">EN</subfield>
  </datafield>
  <datafield tag="952" ind1=" " ind2=" ">
    <subfield code="0">0</subfield>
    <subfield code="1">0</subfield>
    <subfield code="4">0</subfield>
    <subfield code="7">0</subfield>
    <subfield code="8">NFIC</subfield>
    <subfield code="a">CJ</subfield>
    <subfield code="b">CJ</subfield>
    <subfield code="d">2016-02-23</subfield>
    <subfield code="e">TZ-15261G/24.09.2015/144/16.06.2015/04.11.2015</subfield>
    <subfield code="g">1075.00</subfield>
    <subfield code="l">0</subfield>
    <subfield code="o">540 MCM</subfield>
    <subfield code="p">B-614779</subfield>
    <subfield code="r">2016-02-23 00:00:00</subfield>
    <subfield code="t">1</subfield>
    <subfield code="v">1075.00</subfield>
    <subfield code="y">EN</subfield>
  </datafield>
  <datafield tag="952" ind1=" " ind2=" ">
    <subfield code="0">0</subfield>
    <subfield code="1">0</subfield>
    <subfield code="4">0</subfield>
    <subfield code="7">0</subfield>
    <subfield code="8">NFIC</subfield>
    <subfield code="a">DIZ</subfield>
    <subfield code="b">DIZ</subfield>
    <subfield code="d">2016-02-23</subfield>
    <subfield code="e">TZ-15261G/24.09.2015/144/16.06.2015/04.11.2015</subfield>
    <subfield code="g">1075.00</subfield>
    <subfield code="l">0</subfield>
    <subfield code="o">540 MCM</subfield>
    <subfield code="p">B-614780</subfield>
    <subfield code="r">2016-02-23 00:00:00</subfield>
    <subfield code="t">1</subfield>
    <subfield code="v">1075.00</subfield>
    <subfield code="y">EN</subfield>
  </datafield>
  <datafield tag="952" ind1=" " ind2=" ">
    <subfield code="0">0</subfield>
    <subfield code="1">0</subfield>
    <subfield code="4">0</subfield>
    <subfield code="7">0</subfield>
    <subfield code="8">NFIC</subfield>
    <subfield code="a">JP</subfield>
    <subfield code="b">JP</subfield>
    <subfield code="d">2016-02-23</subfield>
    <subfield code="e">TZ-15261G/24.09.2015/144/16.06.2015/04.11.2015</subfield>
    <subfield code="g">1075.00</subfield>
    <subfield code="l">16</subfield>
    <subfield code="m">2</subfield>
    <subfield code="o">540 MCM</subfield>
    <subfield code="p">B-614781</subfield>
    <subfield code="r">2020-03-17 00:00:00</subfield>
    <subfield code="s">2020-03-14</subfield>
    <subfield code="t">1</subfield>
    <subfield code="v">1075.00</subfield>
    <subfield code="y">EN</subfield>
  </datafield>
  <datafield tag="952" ind1=" " ind2=" ">
    <subfield code="0">0</subfield>
    <subfield code="1">0</subfield>
    <subfield code="4">0</subfield>
    <subfield code="7">0</subfield>
    <subfield code="8">NFIC</subfield>
    <subfield code="a">ZLS</subfield>
    <subfield code="b">ZLS</subfield>
    <subfield code="d">2016-02-23</subfield>
    <subfield code="e">TZ-15261G/24.09.2015/144/16.06.2015/04.11.2015</subfield>
    <subfield code="g">1075.00</subfield>
    <subfield code="l">0</subfield>
    <subfield code="o">540 MCM</subfield>
    <subfield code="p">B-614782</subfield>
    <subfield code="r">2016-02-23 00:00:00</subfield>
    <subfield code="t">1</subfield>
    <subfield code="v">1075.00</subfield>
    <subfield code="y">EN</subfield>
  </datafield>
  <datafield tag="952" ind1=" " ind2=" ">
    <subfield code="0">0</subfield>
    <subfield code="1">0</subfield>
    <subfield code="4">0</subfield>
    <subfield code="7">0</subfield>
    <subfield code="8">NFIC</subfield>
    <subfield code="a">ZLS</subfield>
    <subfield code="b">ZLS</subfield>
    <subfield code="d">2016-02-23</subfield>
    <subfield code="e">TZ-15261G/24.09.2015/144/16.06.2015/04.11.2015</subfield>
    <subfield code="g">1075.00</subfield>
    <subfield code="l">1</subfield>
    <subfield code="m">2</subfield>
    <subfield code="o">540 MCM</subfield>
    <subfield code="p">B-614783</subfield>
    <subfield code="r">2020-05-13 00:00:00</subfield>
    <subfield code="s">2020-03-07</subfield>
    <subfield code="t">1</subfield>
    <subfield code="v">1075.00</subfield>
    <subfield code="y">EN</subfield>
  </datafield>
  <datafield tag="952" ind1=" " ind2=" ">
    <subfield code="0">0</subfield>
    <subfield code="1">0</subfield>
    <subfield code="4">0</subfield>
    <subfield code="7">0</subfield>
    <subfield code="8">NFIC</subfield>
    <subfield code="a">ZLS</subfield>
    <subfield code="b">ZLS</subfield>
    <subfield code="d">2016-02-23</subfield>
    <subfield code="e">TZ-15261G/24.09.2015/144/16.06.2015/04.11.2015</subfield>
    <subfield code="g">1075.00</subfield>
    <subfield code="l">5</subfield>
    <subfield code="o">540 MCM</subfield>
    <subfield code="p">B-614784</subfield>
    <subfield code="r">2021-01-02 00:00:00</subfield>
    <subfield code="s">2020-12-24</subfield>
    <subfield code="t">1</subfield>
    <subfield code="v">1075.00</subfield>
    <subfield code="y">EN</subfield>
  </datafield>
  <datafield tag="952" ind1=" " ind2=" ">
    <subfield code="0">0</subfield>
    <subfield code="1">0</subfield>
    <subfield code="4">0</subfield>
    <subfield code="7">0</subfield>
    <subfield code="8">NFIC</subfield>
    <subfield code="a">BL3</subfield>
    <subfield code="b">BL3</subfield>
    <subfield code="d">2016-02-23</subfield>
    <subfield code="e">TZ-15261G/24.09.2015/144/16.06.2015/04.11.2015</subfield>
    <subfield code="g">1075.00</subfield>
    <subfield code="l">0</subfield>
    <subfield code="o">540 MCM</subfield>
    <subfield code="p">B-614785</subfield>
    <subfield code="r">2016-02-23 00:00:00</subfield>
    <subfield code="t">1</subfield>
    <subfield code="v">1075.00</subfield>
    <subfield code="y">EN</subfield>
  </datafield>
  <datafield tag="952" ind1=" " ind2=" ">
    <subfield code="0">0</subfield>
    <subfield code="1">0</subfield>
    <subfield code="4">0</subfield>
    <subfield code="7">0</subfield>
    <subfield code="8">NFIC</subfield>
    <subfield code="a">NRR</subfield>
    <subfield code="b">NRR</subfield>
    <subfield code="d">2016-02-23</subfield>
    <subfield code="e">TZ-15261G/24.09.2015/144/16.06.2015/04.11.2015</subfield>
    <subfield code="g">1075.00</subfield>
    <subfield code="l">0</subfield>
    <subfield code="o">540 MCM</subfield>
    <subfield code="p">B-614786</subfield>
    <subfield code="r">2016-02-23 00:00:00</subfield>
    <subfield code="t">1</subfield>
    <subfield code="v">1075.00</subfield>
    <subfield code="y">EN</subfield>
  </datafield>
  <datafield tag="952" ind1=" " ind2=" ">
    <subfield code="0">0</subfield>
    <subfield code="1">0</subfield>
    <subfield code="4">0</subfield>
    <subfield code="7">0</subfield>
    <subfield code="8">NFIC</subfield>
    <subfield code="a">BKK</subfield>
    <subfield code="b">BKK</subfield>
    <subfield code="d">2016-02-23</subfield>
    <subfield code="e">TZ-15261G/24.09.2015/144/16.06.2015/04.11.2015</subfield>
    <subfield code="g">1075.00</subfield>
    <subfield code="l">0</subfield>
    <subfield code="o">540 MCM</subfield>
    <subfield code="p">B-614787</subfield>
    <subfield code="r">2016-02-23 00:00:00</subfield>
    <subfield code="t">1</subfield>
    <subfield code="v">1075.00</subfield>
    <subfield code="y">EN</subfield>
  </datafield>
  <datafield tag="952" ind1=" " ind2=" ">
    <subfield code="0">0</subfield>
    <subfield code="1">0</subfield>
    <subfield code="4">0</subfield>
    <subfield code="7">0</subfield>
    <subfield code="8">NFIC</subfield>
    <subfield code="a">NR</subfield>
    <subfield code="b">NR</subfield>
    <subfield code="d">2016-02-23</subfield>
    <subfield code="e">TZ-15261G/24.09.2015/144/16.06.2015/04.11.2015</subfield>
    <subfield code="g">1075.00</subfield>
    <subfield code="l">0</subfield>
    <subfield code="o">540 MCM</subfield>
    <subfield code="p">B-614788</subfield>
    <subfield code="r">2016-02-23 00:00:00</subfield>
    <subfield code="t">1</subfield>
    <subfield code="v">1075.00</subfield>
    <subfield code="y">EN</subfield>
  </datafield>
  <datafield tag="952" ind1=" " ind2=" ">
    <subfield code="0">0</subfield>
    <subfield code="1">0</subfield>
    <subfield code="4">0</subfield>
    <subfield code="7">0</subfield>
    <subfield code="8">NFIC</subfield>
    <subfield code="a">BN</subfield>
    <subfield code="b">BN</subfield>
    <subfield code="d">2016-02-23</subfield>
    <subfield code="e">TZ-15261G/24.09.2015/144/16.06.2015/04.11.2015</subfield>
    <subfield code="g">1075.00</subfield>
    <subfield code="l">1</subfield>
    <subfield code="o">540 MCM</subfield>
    <subfield code="p">B-614789</subfield>
    <subfield code="r">2019-04-01 00:00:00</subfield>
    <subfield code="s">2019-03-18</subfield>
    <subfield code="t">1</subfield>
    <subfield code="v">1075.00</subfield>
    <subfield code="y">EN</subfield>
  </datafield>
  <datafield tag="952" ind1=" " ind2=" ">
    <subfield code="0">0</subfield>
    <subfield code="1">0</subfield>
    <subfield code="4">0</subfield>
    <subfield code="7">0</subfield>
    <subfield code="8">NFIC</subfield>
    <subfield code="a">KV</subfield>
    <subfield code="b">KV</subfield>
    <subfield code="d">2016-02-23</subfield>
    <subfield code="e">TZ-15261G/24.09.2015/144/16.06.2015/04.11.2015</subfield>
    <subfield code="g">1075.00</subfield>
    <subfield code="l">0</subfield>
    <subfield code="o">540 MCM</subfield>
    <subfield code="p">B-614790</subfield>
    <subfield code="r">2016-02-23 00:00:00</subfield>
    <subfield code="t">1</subfield>
    <subfield code="v">1075.00</subfield>
    <subfield code="y">EN</subfield>
  </datafield>
  <datafield tag="952" ind1=" " ind2=" ">
    <subfield code="0">0</subfield>
    <subfield code="1">0</subfield>
    <subfield code="4">0</subfield>
    <subfield code="7">0</subfield>
    <subfield code="8">NFIC</subfield>
    <subfield code="a">MV</subfield>
    <subfield code="b">MV</subfield>
    <subfield code="d">2016-02-23</subfield>
    <subfield code="e">TZ-15261G/24.09.2015/144/16.06.2015/04.11.2015</subfield>
    <subfield code="g">1075.00</subfield>
    <subfield code="l">0</subfield>
    <subfield code="o">540 MCM</subfield>
    <subfield code="p">B-614791</subfield>
    <subfield code="r">2016-02-23 00:00:00</subfield>
    <subfield code="t">1</subfield>
    <subfield code="v">1075.00</subfield>
    <subfield code="y">EN</subfield>
  </datafield>
  <datafield tag="952" ind1=" " ind2=" ">
    <subfield code="0">0</subfield>
    <subfield code="1">0</subfield>
    <subfield code="4">0</subfield>
    <subfield code="7">0</subfield>
    <subfield code="8">NFIC</subfield>
    <subfield code="a">MP</subfield>
    <subfield code="b">MP</subfield>
    <subfield code="d">2016-02-23</subfield>
    <subfield code="e">TZ-15261G/24.09.2015/144/16.06.2015/04.11.2015</subfield>
    <subfield code="g">1075.00</subfield>
    <subfield code="l">0</subfield>
    <subfield code="o">540 MCM</subfield>
    <subfield code="p">B-614792</subfield>
    <subfield code="r">2016-02-23 00:00:00</subfield>
    <subfield code="t">1</subfield>
    <subfield code="v">1075.00</subfield>
    <subfield code="y">EN</subfield>
  </datafield>
  <datafield tag="952" ind1=" " ind2=" ">
    <subfield code="0">0</subfield>
    <subfield code="1">0</subfield>
    <subfield code="4">0</subfield>
    <subfield code="7">0</subfield>
    <subfield code="8">NFIC</subfield>
    <subfield code="a">BL4</subfield>
    <subfield code="b">BL4</subfield>
    <subfield code="d">2016-02-23</subfield>
    <subfield code="e">TZ-15261G/24.09.2015/144/16.06.2015/04.11.2015</subfield>
    <subfield code="g">1075.00</subfield>
    <subfield code="l">5</subfield>
    <subfield code="m">3</subfield>
    <subfield code="o">540 MCM</subfield>
    <subfield code="p">B-614793</subfield>
    <subfield code="r">2019-08-02 00:00:00</subfield>
    <subfield code="s">2019-06-20</subfield>
    <subfield code="t">1</subfield>
    <subfield code="v">1075.00</subfield>
    <subfield code="y">EN</subfield>
  </datafield>
  <datafield tag="952" ind1=" " ind2=" ">
    <subfield code="0">0</subfield>
    <subfield code="1">0</subfield>
    <subfield code="4">0</subfield>
    <subfield code="7">0</subfield>
    <subfield code="8">NFIC</subfield>
    <subfield code="a">AV</subfield>
    <subfield code="b">AV</subfield>
    <subfield code="d">2018-03-16</subfield>
    <subfield code="e">Techniz/17434/24.2.2017/407/15.2.2017/18.3.2017</subfield>
    <subfield code="g">1079.00</subfield>
    <subfield code="l">3</subfield>
    <subfield code="o">540 MCM</subfield>
    <subfield code="p">B-667979</subfield>
    <subfield code="r">2025-07-28 00:00:00</subfield>
    <subfield code="s">2025-07-04</subfield>
    <subfield code="t">1</subfield>
    <subfield code="v">1079.00</subfield>
    <subfield code="w">2018-03-16</subfield>
    <subfield code="y">EN</subfield>
  </datafield>
</record>
